000 00710nam a22002057a 4500
005 20100817163548.0
010 _aENG-100802
020 _a9788183687904
_c100.00
035 _aEN-84335
037 _bDBAD/PUB
082 _a745.7094811
100 _aRamnarayan, Gowri
_914506
245 _aGrandma's kolams /
_cby Gowri Ramnarayan
260 _aChennai
_bOxygen Books
_c2007
270 _a33/15, Eldams Road
_bChennai
_e600018
300 _a22p.:
_bill.
_c21cm (pbk)
_e1photo
650 _aKolam
_914507
942 _2ddc
_cEN
_h745.7094811
_mRAM
999 _c42328
_d42328